00391pab a2200121 454500008003600000100001600036245005300052362002100105650002700126650004000153650003300193773004300226180718b xxu||||| |||| 00| 0 eng d aManohar Lal aTribal women workers in India and their problems a(3) 90, p 93-104 a Tribal Women -- India a Tribes and Tribal Systems -- India aWomen -- Employment -- India aJournal of Social and Economic Studies